[Event "Regionalliga NO 9900"]
[Site "Bayern"]
[Date "2000.??.??"]
[Round "8.7"]
[White "Radeck, Kurt"]
[Black "Ertl, Daniel"]
[Result "1-0"]
[WhiteElo "1935"]
[BlackElo "1875"]
[PlyCount "143"]
[EventDate "1999.??.??"]
[EventType "team-tourn"]
[EventRounds "9"]
[EventCountry "GER"]
[SourceTitle "EXT 2020"]
[Source "ChessBase"]
[SourceDate "2019.10.17"]
[SourceVersion "1"]
[SourceVersionDate "2019.10.17"]
[SourceQuality "1"]
[WhiteTeam "Nuernberg Grundig SC"]
[BlackTeam "Amberg SG Siemens"]
[WhiteTeamCountry "GER"]
[BlackTeamCountry "GER"]

1. Nf3 d5 2. g3 Nf6 3. Bg2 e6 4. d3 Be7 5. Nbd2 c5 6. 0-0 Nc6 7. Re1 0-0 8. e4 b5 9. Qe2 a5 10. e5 Nd7 11. h4 a4 12. Nf1 a3 13. b3 b4 14. Bf4 Ba6 15. Ne3 Nd4 16. Nxd4 cxd4 17. Ng4 Rc8 18. Rac1 Rc6 19. Bh3 Kh8 20. Nh2 Qc7 21. Nf3 Qb6 22. h5 Rfc8 23. h6 g6 24. Qd2 Rc3 25. Red1 Qc5 26. Ne1 Qc7 27. Qe2 Kg8 28. Kg2 Qb6 29. g4 Bd8 30. Bd2 R3c6 31. f4 Be7 32. f5 Qc7 33. f6 Bf8 34. Nf3 Qb6 35. Bf4 Nb8 36. g5 Bb5 37. Bg3 Na6 38. Bf2 Bc5 39. Qf1 Nc7 40. Qg1 Ba6 41. Nxd4 Bxd4 42. Bxd4 Qb7 43. Rd2 Nb5 44. Kf3 Qc7 45. Bf1 Nc3 46. Bxc3 Rxc3 47. Qd4 Qc5 48. Ke3 Kf8 49. Rf2 Qxd4+ 50. Kxd4 Ke8 51. Ke3 R8c6 52. Kd2 Rb6 53. Rf4 Rc5 54. Rd4 Rb8 55. Be2 Kd8 56. Rh1 Rc6 57. Rhh4 Rcb6 58. Bd1 Kd7 59. c3 bxc3+ 60. Kxc3 Rc8+ 61. Kd2 Bb5 62. Rb4 Rc5 63. d4 Rcc6 64. Rh3 Bf1 65. Rxb6 Bxh3 66. Rb7+ Rc7 67. Rxc7+ Kxc7 68. Kc3 Kb6 69. Kb4 Bf5 70. Kxa3 Ka5 71. b4+ Kb5 72. Kb3 1-0

[Event "Regionalliga NO 9900"]
[Site "Bayern"]
[Date "2000.??.??"]
[Round "7.6"]
[White "Radeck, Kurt"]
[Black "Willim, Michael"]
[Result "0-1"]
[WhiteElo "1930"]
[BlackElo "1930"]
[PlyCount "128"]
[EventDate "1999.??.??"]
[EventType "team-tourn"]
[EventRounds "9"]
[EventCountry "GER"]
[SourceTitle "EXT 2020"]
[Source "ChessBase"]
[SourceDate "2019.10.17"]
[SourceVersion "1"]
[SourceVersionDate "2019.10.17"]
[SourceQuality "1"]
[WhiteTeam "Nuernberg Grundig SC"]
[BlackTeam "Schwabach"]
[WhiteTeamCountry "GER"]
[BlackTeamCountry "GER"]

1. Nf3 e6 2. g3 b5 3. Bg2 Bb7 4. d4 Nf6 5. Nbd2 Be7 6. 0-0 0-0 7. Re1 c5 8. c3 d5 9. dxc5 Bxc5 10. Nb3 Bd6 11. Bg5 h6 12. Bf4 Bxf4 13. gxf4 Nc6 14. Nc5 Qb6 15. Nxb7 Qxb7 16. e3 Ne7 17. a3 Nf5 18. Kh1 a5 19. Qe2 Ne4 20. Kg1 Rfc8 21. Rac1 Nfd6 22. Ne5 Qe7 23. Red1 Qh4 24. f3 Nc5 25. Nd3 Nxd3 26. Qxd3 Qf6 27. Rc2 b4 28. e4 Qxf4 29. exd5 e5 30. cxb4 axb4 31. axb4 Qxb4 32. Rxc8+ Rxc8 33. Qd2 Qb6+ 34. Kh1 Qb3 35. Rc1 Rxc1+ 36. Qxc1 Qxd5 37. h3 Qd4 38. b3 Kh7 39. Qc2+ g6 40. Qa2 Kg7 41. Qa6 Nf5 42. Qa2 Qb4 43. Kh2 Nd4 44. Qa7 Nxb3 45. Qe3 Qf4+ 46. Qxf4 exf4 47. Bf1 Nd2 48. Be2 Kf6 49. Kg2 Ke5 50. Bb5 g5 51. Be8 f6 52. Kf2 Kd4 53. Bg6 Nc4 54. Be8 Nd6 55. Bd7 Kd3 56. Bc6 Kd2 57. Bd5 Nf5 58. Bc6 Ne3 59. Ba4 Nd1+ 60. Kg2 Nb2 61. Bb3 Ke3 62. Bd5 Nd3 63. Kf1 f5 64. Bc6 Ne5 0-1

[Event "Regionalliga NO 9900"]
[Site "Bayern"]
[Date "1999.??.??"]
[Round "3.5"]
[White "Radeck, Kurt"]
[Black "Schatz, Werner"]
[Result "1/2-1/2"]
[WhiteElo "1930"]
[BlackElo "1947"]
[PlyCount "99"]
[EventDate "1999.??.??"]
[EventType "team-tourn"]
[EventRounds "9"]
[EventCountry "GER"]
[SourceTitle "EXT 2020"]
[Source "ChessBase"]
[SourceDate "2019.10.17"]
[SourceVersion "1"]
[SourceVersionDate "2019.10.17"]
[SourceQuality "1"]
[WhiteTeam "Nuernberg Grundig SC"]
[BlackTeam "Gunzenhausen"]
[WhiteTeamCountry "GER"]
[BlackTeamCountry "GER"]

1. Nf3 d5 2. g3 Nf6 3. Bg2 e6 4. 0-0 Be7 5. c4 0-0 6. b3 c5 7. cxd5 exd5 8. d3 Nc6 9. Nbd2 d4 10. a3 Be6 11. Ng5 Bd5 12. Nde4 h6 13. Nxf6+ Bxf6 14. Ne4 Be7 15. Qc2 Rc8 16. Rb1 f5 17. Nd2 Bxg2 18. Kxg2 Qd5+ 19. Kg1 b5 20. Nf3 Bd6 21. Bd2 f4 22. b4 c4 23. dxc4 bxc4 24. Rbc1 c3 25. Be1 a5 26. Qd3 axb4 27. axb4 Bxb4 28. Qd1 Rcd8 29. Nh4 fxg3 30. hxg3 g5 31. Ng2 Ba3 32. Ra1 Bb2 33. Ra4 Rf7 34. Qc2 d3 35. exd3 Nd4 36. Rxd4 Qxd4 37. Ne3 Qxd3 38. Qb3 Rc8 39. Ng4 Qd6 40. Ne3 Qc6 41. Nc2 Qc4 42. Qb6 Rc6 43. Qb8+ Rf8 44. Qb7 Re6 45. Qd7 Ref6 46. Ne3 Qc6 47. Qd3 Qa6 48. Qc2 Qc6 49. Nd1 Rf3 50. Nxb2 1/2-1/2

[Event "Regionalliga NO 9899"]
[Site "Bayern"]
[Date "1999.??.??"]
[Round "5.8"]
[White "Radeck, Kurt"]
[Black "Shlosberg, Mikhail Sr"]
[Result "1-0"]
[WhiteElo "1935"]
[BlackElo "1865"]
[PlyCount "81"]
[EventDate "1998.??.??"]
[EventType "team-tourn"]
[EventRounds "9"]
[EventCountry "GER"]
[SourceTitle "EXT 2020"]
[Source "ChessBase"]
[SourceDate "2019.10.17"]
[SourceVersion "1"]
[SourceVersionDate "2019.10.17"]
[SourceQuality "1"]
[WhiteTeam "Nuernberg Grundig SC"]
[BlackTeam "Forchheim II"]
[WhiteTeamCountry "GER"]
[BlackTeamCountry "GER"]

1. Nf3 d5 2. g3 Nf6 3. Bg2 c5 4. d3 Nc6 5. Nbd2 Bg4 6. h3 Bf5 7. c4 d4 8. Qa4 Bd7 9. Ng5 Nb4 10. Qd1 Bc6 11. Ngf3 g6 12. a3 Na6 13. Rb1 b6 14. b4 Bb7 15. 0-0 Qc7 16. b5 Nb8 17. Re1 Bh6 18. Nf1 Bxc1 19. Qxc1 Nbd7 20. e3 Qd6 21. Qb2 0-0-0 22. exd4 cxd4 23. Qxd4 Qxd4 24. Nxd4 Bxg2 25. Kxg2 Nc5 26. Nc6 Rxd3 27. Rxe7 Rd7 28. Rbe1 Kb7 29. Rxd7+ Nfxd7 30. Re7 Rf8 31. Ne3 a5 32. Ng4 Kc7 33. Nf6 h5 34. Ne8+ Kb7 35. Nd6+ Kc7 36. Nxf7 Nd3 37. f4 a4 38. Nfe5 N3xe5 39. Nxe5 Kd6 40. Rxd7+ Kc5 41. Rd5# 1-0

[Event "Regionalliga NO 9798"]
[Site "Bayern"]
[Date "1998.??.??"]
[Round "?.6"]
[White "Radeck, Kurt"]
[Black "Dietrich, Reinhard"]
[Result "1-0"]
[WhiteElo "1950"]
[BlackElo "2094"]
[PlyCount "69"]
[EventDate "1997.10.??"]
[EventType "team-tourn"]
[EventRounds "9"]
[EventCountry "GER"]
[SourceTitle "EXT 2020"]
[Source "ChessBase"]
[SourceDate "2019.10.17"]
[SourceVersion "1"]
[SourceVersionDate "2019.10.17"]
[SourceQuality "1"]
[WhiteTeam "Nuernberg Grundig SC"]
[BlackTeam "Neutraubling"]
[WhiteTeamCountry "GER"]
[BlackTeamCountry "GER"]

1. c4 g6 2. d4 Bg7 3. Nc3 c5 4. Nf3 cxd4 5. Nxd4 Nc6 6. e3 Nf6 7. Be2 0-0 8. 0-0 d6 9. h3 Bd7 10. Qd2 h6 11. b3 g5 12. Bb2 Ne5 13. f4 gxf4 14. exf4 Ng6 15. Rad1 Kh8 16. Bf3 Rb8 17. Kh2 Nh4 18. Be2 Ng6 19. Qd3 Qc8 20. Rc1 Re8 21. f5 Ne5 22. Qd2 Rg8 23. Rf4 Qf8 24. g4 Nh7 25. h4 Bf6 26. Kh3 Qg7 27. Ne4 Bxh4 28. Kxh4 h5 29. Rh1 Qh6 30. Kg3 Qg7 31. Rxh5 e6 32. fxe6 fxe6 33. Ng5 Qxg5 34. Rxg5 Rxg5 35. Nf3 1-0

[Event "Regionalliga NO 9899"]
[Site "Bayern"]
[Date "1998.??.??"]
[Round "3.6"]
[White "Radeck, Kurt"]
[Black "Stephan, Eberhard"]
[Result "0-1"]
[WhiteElo "1930"]
[BlackElo "2090"]
[PlyCount "148"]
[EventDate "1998.??.??"]
[EventType "team-tourn"]
[EventRounds "9"]
[EventCountry "GER"]
[SourceTitle "EXT 2020"]
[Source "ChessBase"]
[SourceDate "2019.10.17"]
[SourceVersion "1"]
[SourceVersionDate "2019.10.17"]
[SourceQuality "1"]
[WhiteTeam "Nuernberg Grundig SC"]
[BlackTeam "Gunzenhausen"]
[WhiteTeamCountry "GER"]
[BlackTeamCountry "GER"]

1. e4 c6 2. c4 d5 3. exd5 cxd5 4. d4 Nf6 5. Nc3 e6 6. Bg5 Bb4 7. Rc1 Nc6 8. Nf3 h6 9. Bxf6 Qxf6 10. cxd5 exd5 11. Be2 0-0 12. 0-0 Be6 13. h3 Rac8 14. a3 Bd6 15. Bd3 Bf4 16. Ra1 Kh8 17. Bb1 g6 18. Ba2 Rfd8 19. Re1 a6 20. Na4 Rc7 21. b4 g5 22. Bb1 Ne7 23. Nc5 Rdc8 24. Bd3 Nf5 25. Nxe6 fxe6 26. Bxf5 exf5 27. Ne5 g4 28. g3 gxh3 29. Qh5 Rg8 30. Kh2 Bxe5 31. dxe5 Qg5 32. Qxh3 Rc2 33. Kg1 f4 34. g4 Qxg4+ 35. Qxg4 Rxg4+ 36. Kf1 f3 37. Rec1 Rxc1+ 38. Rxc1 Rc4 39. Rd1 d4 40. Kg1 Kg7 41. Kh2 Kg6 42. Kg3 Kf5 43. Kxf3 Rc3+ 44. Ke2 Kxe5 45. Rh1 Rxa3 46. Rxh6 b5 47. Rc6 Ke4 48. f3+ Kd5 49. Rc5+ Kd6 50. Rh5 Re3+ 51. Kf2 Rb3 52. Rh6+ Kd5 53. Rxa6 Rb2+ 54. Kg3 Rxb4 55. f4 Ra4 56. Rb6 Kc5 57. Rb8 d3 58. Rc8+ Kd4 59. Rd8+ Ke3 60. f5 Ra1 61. Re8+ Kd4 62. Rd8+ Kc3 63. Rc8+ Kb3 64. Rd8 Kc2 65. Rc8+ Kd1 66. Rb8 d2 67. Rxb5 Ra3+ 68. Kg4 Ke2 69. Re5+ Re3 70. Rd5 Rd3 71. Rxd3 Kxd3 72. f6 Ke4 73. f7 d1Q+ 74. Kg5 Qf3 0-1